| 000 | 00510nam a2200121Ia 4500 | ||
|---|---|---|---|
| 008 | 220615s9999||||xx |||||||||||||| ||und|| | ||
| 100 | _aInes DrenjanÄević | ||
| 245 | 0 | _aHyperbaric Oxygen Treatment in Research and Clinical Practice - Mechanisms of Action in Focus | |
| 546 | _aEnglish[eng] | ||
| 650 | _aMedicine||Emergency Medicine||Health Sciences | ||
| 856 | _uhttps://www.intechopen.com/books/hyperbaric-oxygen-treatment-in-research-and-clinical-practice-mechanisms-of-action-in-focus | ||
| 942 | _cEB | ||
| 999 |
_c11544 _d11544 |
||